Pěstební postupy pro získání výsadbyschopných řízkovanců smrku ztepilého /

Hlavní autor: Jurásek, Antonín, 1952-
Další autoři: Martincová, Jarmila, 1946-
Jazyk: Čeština
Vydáno: Praha : Výzkumný ústav lesního hospodářství a myslivosti, Výzkumná stanice Opočno, 2004
Edice: Lesnický průvodce (Výzkumný ústav lesního hospodářství a myslivosti)
Témata:
Fyzický popis: 24 s. : barev. il. ; 21 cm
Knihy
Uloženo v:
LEADER 01475nam a2200373 a 4500
001 000726984
003 CZ BrMZK
005 20080222124643.0
007 ta
008 040802s2004 xr a frf 000 0 cze d
015 |a cnb001313644 
020 |a 80-86461-33-5  |q (brož.) 
035 |a (OCoLC)85103891 
040 |a BOA001  |b cze 
072 7 |a 630  |x Lesnictví  |2 Konspekt  |9 24 
080 |a 630.232  |2 MRF 
080 |a 582.475  |2 MRF 
080 |a (036)  |2 MRF 
100 1 |a Jurásek, Antonín,  |d 1952-  |7 mzk2002160799  |4 aut 
245 1 0 |a Pěstební postupy pro získání výsadbyschopných řízkovanců smrku ztepilého /  |c Antonín Jurásek, Jarmila Martincová 
260 |a Praha :  |b Výzkumný ústav lesního hospodářství a myslivosti, Výzkumná stanice Opočno,  |c 2004 
300 |a 24 s. :  |b barev. il. ;  |c 21 cm 
490 1 |a Lesnický průvodce ;  |v 1/2004 
504 |a Obsahuje bibliografii 
521 8 |a Určeno pro služební potřebu 
650 0 7 |a řízkování rostlin  |7 ph138000  |2 czenas 
650 0 7 |a sazenice lesních stromů  |7 ph163058  |2 czenas 
650 0 7 |a smrk ztepilý  |7 ph162478  |2 czenas 
655 7 |a informační publikace  |7 fd132454  |2 czenas 
700 1 |a Martincová, Jarmila,  |d 1946-  |7 mzk2004248660  |4 aut 
830 0 |a Lesnický průvodce (Výzkumný ústav lesního hospodářství a myslivosti)  |0 s 
910 |a BOA001  |b 2-1136.750 
990 |a BK 
996 6 |b 2610225748  |c 2-1136.750  |l MZK  |r Sklad / do 1 hodiny  |n 1  |p p.v.  |w 000726984  |u 000010  |a 1  |e BOA001  |j MZK50  |s P